The Village voice.

Bibliographic Details
Uniform Title:Village voice (Greenwich Village, New York, N.Y.)
Format: Newspaper
Language:English
Published: Greenwich Village, N.Y. : Village Voice, 1955-2017.
Subjects:
Online Availability: Check for online availability

MARC

Tag First Indicator Second Indicator Subfields
LEADER 00000cas a2200000 a 4500
001 in00000075951
005 20191119130010.0
008 781228d19552017nyuwr ne 0 a0eng c
010 |a  73007770   |z sn 78004560  
035 |a (OCoLC)ocm01696813 
035 |a (OCoLC)01696813 
035 |9 AAJ2056AM 
040 |a MUL  |b eng  |c MUL  |d OCL  |d NSD  |d DLC  |d NST  |d AIP  |d NSD  |d AIP  |d NSD  |d DLC  |d NSD  |d OCL  |d NST  |d EBZ  |d NST  |d ELM  |d DLC  |d MGN  |d IUL  |d NYS  |d YOX  |d DLC  |d NYS  |d FUG  |d OBN  |d CUS  |d NVF  |d CVF  |d IUL  |d NYG  |d IUL  |d NYS  |d CUS  |d NLM  |d OCLCQ  |d NYS  |d SERSO  |d GK8  |d CRU  |d U9S  |d OCLCQ  |d GBVCP  |d UKMGB  |d OCLCQ  |d OCLCF  |d OCLCO  |d MNU  |d OCLCO  |d OCL  |d QE2  |d XFF  |d NLGGC  |d CUS  |d WAU  |d OCL  |d CUV  |d ISN  |d DLC 
015 |a 010382704  |2 dnb 
016 7 |a 101088376  |2 DNLM 
016 7 |a 43287-8  |2 DE-600 
016 7 |a 011772193  |2 Uk 
016 7 |a 013914592  |2 Uk 
019 |a 37968367  |a 429362593  |a 1001870258 
022 0 |a 0042-6180  |l 0042-6180  |2 1 
029 1 |a NLM  |b 101088376 
029 1 |a NZ1  |b 3680417 
029 1 |a NZ1  |b 8730760 
029 1 |a AU@  |b 000001871921 
029 1 |a AU@  |b 000024347923 
029 1 |a AU@  |b 000044761371 
029 1 |a NLGGC  |b 036352640 
029 1 |a NZ1  |b 189092 
032 |a 621420  |b USPS 
035 |a (OCoLC)1696813  |z (OCoLC)37968367  |z (OCoLC)429362593  |z (OCoLC)1001870258 
042 |a nsdp  |a pcc 
043 |a n-us-ny 
050 0 0 |a AP2  |b .V72 
050 1 4 |a AP2  |b .V7 
082 0 0 |a 071/.471 
049 |a TXAM 
130 0 |a Village voice (Greenwich Village, New York, N.Y.) 
210 0 |a Village voice  |b (N.Y.) 
222 4 |a The Village voice  |b (New York) 
245 1 4 |a The Village voice. 
246 3 0 |a Voice 
264 1 |a Greenwich Village, N.Y. :  |b Village Voice,  |c 1955-2017. 
300 |a volumes :  |b illustrations ;  |c 43 cm. 
310 |a Weekly 
336 |a text  |b txt  |2 rdacontent 
337 |a unmediated  |b n  |2 rdamedia 
338 |a volume  |b nc  |2 rdacarrier 
362 0 |a Vol. 1, no. 1 (Oct. 26, 1955)-v. 62, no. 37 (Sept. 20, 2017). 
500 |a Published in New York, N.Y. May 2, 1956- 
500 |a "America's largest weekly newspaper." 
515 |a Last issue also called Final edition. 
525 |a v.61:no.25 (2016:June 22/28) is "Pride issue" that includes Pride supplement "8-day event guide". 
530 |a Also issued via the World Wide Web. 
588 |a Latest issue consulted: Vol. 62, no. 37 (Sept. 20, 2017). 
500 |a The Cushing Library/Women & Gender Studies copies were acquired as part of The Don Kelly Research Collection of Gay Literature and Culture. 
541 0 |a Donated by Don Kelly 
651 0 |a Greenwich Village (New York, N.Y.)  |v Newspapers. 
651 0 |a New York (N.Y.)  |v Newspapers. 
651 0 |a New York County (N.Y.)  |v Newspapers. 
651 6 |a Greenwich Village (New York, N.Y.)  |v Périodiques. 
651 6 |a New York (N.Y.)  |v Périodiques. 
651 6 |a New York (N.Y. : Comté)  |v Périodiques. 
651 7 |a New York (State)  |z New York.  |2 fast  |0 (OCoLC)fst01204333 
651 7 |a New York (State)  |z New York County.  |2 fast  |0 (OCoLC)fst01234953 
651 7 |a New York (State)  |z New York  |z Greenwich Village.  |2 fast  |0 (OCoLC)fst01322891 
651 4 |a New York (N.Y.)  |x Newspapers. 
651 4 |a Greenwich Village (New York, N.Y.)  |x Newspapers. 
655 7 |a Newspapers.  |2 fast  |0 (OCoLC)fst01423814 
655 7 |a Newspapers.  |2 lcgft 
752 |a United States  |b New York  |c New York  |d New York. 
770 0 |t Voice literary supplement  |x 0887-8633  |w (DLC)sf 94092448  |w (OCoLC)8167551 
776 0 8 |i Continued online:  |t Village voice (Greenwich Village, New York, N.Y.)  |w (OCoLC)44669040 
850 |a ArU  |a CU-SB  |a CaNBSU  |a DLC  |a GEU  |a InU  |a KU-S  |a LU  |a MChB  |a MH-BA  |a MiU  |a NNC  |a PPiC 
994 |a C0  |b TXA 
949 |a updated  |b h  |c 2018/4/24  |e coplinger  |f 4:36:13 pm 
999 f f |s d3a4243c-0d61-3fff-8fe8-4be6c9f4da0b  |i 647a9325-62b1-3649-9b5f-ab4dd3fb0f42  |t 0 
952 f f |a Texas A&M University  |b College Station  |c Sterling C. Evans Library  |d Evans: Microforms Film (3rd floor)  |e AP2 .V7  |h Library of Congress classification  |i unmediated -- volume  |k Reel 17  |l 1980:July/Dec.  |m A14829891174  |p serial  |s Evans mtxt film  |t 0 
952 f f |a Texas A&M University  |b College Station  |c Sterling C. Evans Library  |d Evans: Microforms Film (3rd floor)  |e AP2 .V7  |h Library of Congress classification  |i unmediated -- volume  |k v.28  |l 1983:July/Dec.  |m A14830321700  |p serial  |s Evans mtxt film  |t 0 
952 f f |a Texas A&M University  |b College Station  |c Sterling C. Evans Library  |d Evans: Microforms Film (3rd floor)  |e AP2 .V7  |h Library of Congress classification  |i unmediated -- volume  |k v.29  |l 1984:Jul./Dec.  |m A14839092251  |p serial  |s Evans mtxt film  |t 0 
952 f f |a Texas A&M University  |b College Station  |c Sterling C. Evans Library  |d Evans: Microforms Film (3rd floor)  |e AP2 .V7  |h Library of Congress classification  |i unmediated -- volume  |k v.45  |l 2000:Apr./June  |m A14827197493  |p serial  |s Evans mtxt film  |t 0 
952 f f |a Texas A&M University  |b College Station  |c Sterling C. Evans Library  |d Evans: Microforms Film (3rd floor)  |e AP2 .V7  |h Library of Congress classification  |i unmediated -- volume  |k v.48  |l 2003:July 2/Sept.  |m A14831840082  |p serial  |s Evans mtxt film  |t 0 
952 f f |a Texas A&M University  |b College Station  |c Sterling C. Evans Library  |d Evans: Microforms Film (3rd floor)  |e AP2 .V7  |h Library of Congress classification  |i unmediated -- volume  |k v.46  |l 2001:July/Sept.  |m A14828617242  |p serial  |s Evans mtxt film  |t 0 
952 f f |a Texas A&M University  |b College Station  |c Sterling C. Evans Library  |d Evans: Microforms Film (3rd floor)  |e AP2 .V7  |h Library of Congress classification  |i unmediated -- volume  |k v.41  |l 1996:Jan./Mar.  |m A14830322609  |p serial  |s Evans mtxt film  |t 0 
952 f f |a Texas A&M University  |b College Station  |c Sterling C. Evans Library  |d Evans: Microforms Film (3rd floor)  |e AP2 .V7  |h Library of Congress classification  |i unmediated -- volume  |k v.49  |l 2004:Oct.4/2005:Jan.4  |m A14831427567  |p serial  |s Evans mtxt film  |t 0 
952 f f |a Texas A&M University  |b College Station  |c Sterling C. Evans Library  |d Evans: Microforms Film (3rd floor)  |e AP2 .V7  |h Library of Congress classification  |i unmediated -- volume  |k v.50  |l 2005:Jan.5/July 5  |m A14831442923  |p serial  |s Evans mtxt film  |t 0 
952 f f |a Texas A&M University  |b College Station  |c Sterling C. Evans Library  |d Evans: Microforms Film (3rd floor)  |e AP2 .V7  |h Library of Congress classification  |i unmediated -- volume  |k v.32  |l 1987:Apr./June  |m A14830322065  |p serial  |s Evans mtxt film  |t 0 
952 f f |a Texas A&M University  |b College Station  |c Sterling C. Evans Library  |d Evans: Microforms Film (3rd floor)  |e AP2 .V7  |h Library of Congress classification  |i unmediated -- volume  |k v.40  |l 1995:Apr./June  |m A14830322528  |p serial  |s Evans mtxt film  |t 0 
952 f f |a Texas A&M University  |b College Station  |c Sterling C. Evans Library  |d Evans: Microforms Film (3rd floor)  |e AP2 .V7  |h Library of Congress classification  |i unmediated -- volume  |k v.42  |l 1997:Apr./June  |m A14830322170  |p serial  |s Evans mtxt film  |t 0 
952 f f |a Texas A&M University  |b College Station  |c Sterling C. Evans Library  |d Evans: Microforms Film (3rd floor)  |e AP2 .V7  |h Library of Congress classification  |i unmediated -- volume  |k v.49  |l 2004:July 7/Oct.5  |m A14831427525  |p serial  |s Evans mtxt film  |t 0 
952 f f |a Texas A&M University  |b College Station  |c Sterling C. Evans Library  |d Evans: Microforms Film (3rd floor)  |e AP2 .V7  |h Library of Congress classification  |i unmediated -- volume  |k v.36  |l 1991:Jan./Mar.  |m A14825693362  |p serial  |s Evans mtxt film  |t 0 
952 f f |a Texas A&M University  |b College Station  |c Sterling C. Evans Library  |d Evans: Microforms Film (3rd floor)  |e AP2 .V7  |h Library of Congress classification  |i unmediated -- volume  |k v.53:no.27/52  |l 2008:July 2/Dec.30  |m A14837478443  |p serial  |s Evans mtxt film  |t 0 
952 f f |a Texas A&M University  |b College Station  |c Sterling C. Evans Library  |d Evans: Microforms Film (3rd floor)  |e AP2 .V7  |h Library of Congress classification  |i unmediated -- volume  |k v.31  |l 1986:Oct./Dec.  |m A14830321988  |p serial  |s Evans mtxt film  |t 0 
952 f f |a Texas A&M University  |b College Station  |c Sterling C. Evans Library  |d Evans: Microforms Film (3rd floor)  |e AP2 .V7  |h Library of Congress classification  |i unmediated -- volume  |k v.50  |l 2005:July 6/2006:Jan.3  |m A14833966842  |p serial  |s Evans mtxt film  |t 0 
952 f f |a Texas A&M University  |b College Station  |c Sterling C. Evans Library  |d Evans: Microforms Film (3rd floor)  |e AP2 .V7  |h Library of Congress classification  |i unmediated -- volume  |k v.41  |l 1996:Oct./Dec.  |m A14830322722  |p serial  |s Evans mtxt film  |t 0 
952 f f |a Texas A&M University  |b College Station  |c Sterling C. Evans Library  |d Evans: Microforms Film (3rd floor)  |e AP2 .V7  |h Library of Congress classification  |i unmediated -- volume  |k v.43  |l 1998:Jan./Mar.  |m A14823883610  |p serial  |s Evans mtxt film  |t 0 
952 f f |a Texas A&M University  |b College Station  |c Sterling C. Evans Library  |d Evans: Microforms Film (3rd floor)  |e AP2 .V7  |h Library of Congress classification  |i unmediated -- volume  |k v.53:no.1/26  |l 2008:Jan.2/July 1  |m A14837472510  |p serial  |s Evans mtxt film  |t 0 
952 f f |a Texas A&M University  |b College Station  |c Sterling C. Evans Library  |d Evans: Microforms Film (3rd floor)  |e AP2 .V7  |h Library of Congress classification  |i unmediated -- volume  |k v.49  |l 2004:Jan.7/July 6  |m A14831421286  |p serial  |s Evans mtxt film  |t 0 
952 f f |a Texas A&M University  |b College Station  |c Sterling C. Evans Library  |d Evans: Microforms Film (3rd floor)  |e AP2 .V7  |h Library of Congress classification  |i unmediated -- volume  |k v.36  |l 1991:July/Sept.  |m A14830321954  |p serial  |s Evans mtxt film  |t 0 
952 f f |a Texas A&M University  |b College Station  |c Sterling C. Evans Library  |d Evans: Microforms Film (3rd floor)  |e AP2 .V7  |h Library of Congress classification  |i unmediated -- volume  |k v.37  |l 1992:Oct./Dec.  |m A14830322154  |p serial  |s Evans mtxt film  |t 0 
952 f f |a Texas A&M University  |b College Station  |c Sterling C. Evans Library  |d Evans: Microforms Film (3rd floor)  |e AP2 .V7  |h Library of Congress classification  |i unmediated -- volume  |k v.52:no.1/26  |l 2007:Jan. /July 3  |m A14837241278  |p serial  |s Evans mtxt film  |t 0 
952 f f |a Texas A&M University  |b College Station  |c Sterling C. Evans Library  |d Evans: Microforms Film (3rd floor)  |e AP2 .V7  |h Library of Congress classification  |i unmediated -- volume  |k v.22  |l 1977:Oct./Dec.  |m A14829890851  |p serial  |s Evans mtxt film  |t 0 
952 f f |a Texas A&M University  |b College Station  |c Sterling C. Evans Library  |d Evans: Microforms Film (3rd floor)  |e AP2 .V7  |h Library of Congress classification  |i unmediated -- volume  |k v.46  |l 2001:Jan./Mar.  |m A14828181788  |p serial  |s Evans mtxt film  |t 0 
952 f f |a Texas A&M University  |b College Station  |c Sterling C. Evans Library  |d Evans: Microforms Film (3rd floor)  |e AP2 .V7  |h Library of Congress classification  |i unmediated -- volume  |k v.41  |l 1996:July/Sept.  |m A14830322683  |p serial  |s Evans mtxt film  |t 0 
952 f f |a Texas A&M University  |b College Station  |c Sterling C. Evans Library  |d Evans: Microforms Film (3rd floor)  |e AP2 .V7  |h Library of Congress classification  |i unmediated -- volume  |k v.44  |l 1999/2000:Oct./Jan.4  |m A14826012412  |p serial  |s Evans mtxt film  |t 0 
952 f f |a Texas A&M University  |b College Station  |c Sterling C. Evans Library  |d Evans: Microforms Film (3rd floor)  |e AP2 .V7  |h Library of Congress classification  |i unmediated -- volume  |k v.44  |l 1999:July/Sept.  |m A14826012454  |p serial  |s Evans mtxt film  |t 0 
952 f f |a Texas A&M University  |b College Station  |c Sterling C. Evans Library  |d Evans: Microforms Film (3rd floor)  |e AP2 .V7  |h Library of Congress classification  |i unmediated -- volume  |k v.35  |l 1990:Oct./Dec.  |m A14826775311  |p serial  |s Evans mtxt film  |t 0 
952 f f |a Texas A&M University  |b College Station  |c Sterling C. Evans Library  |d Evans: Microforms Film (3rd floor)  |e AP2 .V7  |h Library of Congress classification  |i unmediated -- volume  |k v.30  |l 1985:Jan./May  |m A14830321784  |p serial  |s Evans mtxt film  |t 0 
952 f f |a Texas A&M University  |b College Station  |c Sterling C. Evans Library  |d Evans: Microforms Film (3rd floor)  |e AP2 .V7  |h Library of Congress classification  |i unmediated -- volume  |k v.33  |l 1988:Jan./Mar.  |m A14825693320  |p serial  |s Evans mtxt film  |t 0 
952 f f |a Texas A&M University  |b College Station  |c Sterling C. Evans Library  |d Evans: Microforms Film (3rd floor)  |e AP2 .V7  |h Library of Congress classification  |i unmediated -- volume  |k v.23  |l 1978:July/Sept.  |m A14829890974  |p serial  |s Evans mtxt film  |t 0 
952 f f |a Texas A&M University  |b College Station  |c Sterling C. Evans Library  |d Evans: Microforms Film (3rd floor)  |e AP2 .V7  |h Library of Congress classification  |i unmediated -- volume  |k v.51  |l 2006: July 5/2007:Jan.2  |m A14834016763  |p serial  |s Evans mtxt film  |t 0 
952 f f |a Texas A&M University  |b College Station  |c Sterling C. Evans Library  |d Evans: Microforms Film (3rd floor)  |e AP2 .V7  |h Library of Congress classification  |i unmediated -- volume  |k v.37  |l 1992:Apr./June  |m A14830322112  |p serial  |s Evans mtxt film  |t 0 
952 f f |a Texas A&M University  |b College Station  |c Sterling C. Evans Library  |d Evans: Microforms Film (3rd floor)  |e AP2 .V7  |h Library of Congress classification  |i unmediated -- volume  |k v.23  |l 1978:Oct./Dec.  |m A14829891019  |p serial  |s Evans mtxt film  |t 0 
952 f f |a Texas A&M University  |b College Station  |c Sterling C. Evans Library  |d Evans: Microforms Film (3rd floor)  |e AP2 .V7  |h Library of Congress classification  |i unmediated -- volume  |k v.45  |l 2000:Oct./2001:Jan.  |m A14827199584  |p serial  |s Evans mtxt film  |t 0 
952 f f |a Texas A&M University  |b College Station  |c Sterling C. Evans Library  |d Evans: Microforms Film (3rd floor)  |e AP2 .V7  |h Library of Congress classification  |i unmediated -- volume  |k v.36  |l 1991:Apr./June  |m A14830321912  |p serial  |s Evans mtxt film  |t 0 
952 f f |a Texas A&M University  |b College Station  |c Sterling C. Evans Library  |d Evans: Microforms Film (3rd floor)  |e AP2 .V7  |h Library of Congress classification  |i unmediated -- volume  |k v.34  |l 1989:Oct./Dec.  |m A14830321750  |p serial  |s Evans mtxt film  |t 0 
952 f f |a Texas A&M University  |b College Station  |c Sterling C. Evans Library  |d Evans: Microforms Film (3rd floor)  |e AP2 .V7  |h Library of Congress classification  |i unmediated -- volume  |k Reel 15  |l 1979:July/Dec.  |m A14829891093  |p serial  |s Evans mtxt film  |t 0 
952 f f |a Texas A&M University  |b College Station  |c Sterling C. Evans Library  |d Evans: Microforms Film (3rd floor)  |e AP2 .V7  |h Library of Congress classification  |i unmediated -- volume  |k v.22  |l 1977:July/Sept.  |m A14829890819  |p serial  |s Evans mtxt film  |t 0 
952 f f |a Texas A&M University  |b College Station  |c Sterling C. Evans Library  |d Evans: Microforms Film (3rd floor)  |e AP2 .V7  |h Library of Congress classification  |i unmediated -- volume  |k v.31  |l 1986:June/Sept.  |m A14830321946  |p serial  |s Evans mtxt film  |t 0 
952 f f |a Texas A&M University  |b College Station  |c Sterling C. Evans Library  |d Evans: Microforms Film (3rd floor)  |e AP2 .V7  |h Library of Congress classification  |i unmediated -- volume  |k Reel 18  |l 1980:Dec. 31/1981:June  |m A14829891213  |p serial  |s Evans mtxt film  |t 0 
952 f f |a Texas A&M University  |b College Station  |c Sterling C. Evans Library  |d Evans: Microforms Film (3rd floor)  |e AP2 .V7  |h Library of Congress classification  |i unmediated -- volume  |k v.43  |l 1998:July/Sept.  |m A14824186095  |p serial  |s Evans mtxt film  |t 0 
952 f f |a Texas A&M University  |b College Station  |c Sterling C. Evans Library  |d Evans: Microforms Film (3rd floor)  |e AP2 .V7  |h Library of Congress classification  |i unmediated -- volume  |k v.36  |l 1991:Oct./Dec.  |m A14830321996  |p serial  |s Evans mtxt film  |t 0 
952 f f |a Texas A&M University  |b College Station  |c Sterling C. Evans Library  |d Evans: Microforms Film (3rd floor)  |e AP2 .V7  |h Library of Congress classification  |i unmediated -- volume  |k v.48  |l 2003:Apr.2/July 1  |m A14831840040  |p serial  |s Evans mtxt film  |t 0 
952 f f |a Texas A&M University  |b College Station  |c Sterling C. Evans Library  |d Evans: Microforms Film (3rd floor)  |e AP2 .V7  |h Library of Congress classification  |i unmediated -- volume  |k v.38  |l 1993:July/Sept.  |m A14830322243  |p serial  |s Evans mtxt film  |t 0 
952 f f |a Texas A&M University  |b College Station  |c Sterling C. Evans Library  |d Evans: Microforms Film (3rd floor)  |e AP2 .V7  |h Library of Congress classification  |i unmediated -- volume  |k v.27  |l 1981/1982:Dec./June  |m A14829891297  |p serial  |s Evans mtxt film  |t 0 
952 f f |a Texas A&M University  |b College Station  |c Sterling C. Evans Library  |d Evans: Microforms Film (3rd floor)  |e AP2 .V7  |h Library of Congress classification  |i unmediated -- volume  |k v.39  |l 1994:Oct./Dec.  |m A14830322447  |p serial  |s Evans mtxt film  |t 0 
952 f f |a Texas A&M University  |b College Station  |c Sterling C. Evans Library  |d Evans: Microforms Film (3rd floor)  |e AP2 .V7  |h Library of Congress classification  |i unmediated -- volume  |k v.42  |l 1997:Oct./Dec.  |m A14830322251  |p serial  |s Evans mtxt film  |t 0 
952 f f |a Texas A&M University  |b College Station  |c Sterling C. Evans Library  |d Evans: Microforms Film (3rd floor)  |e AP2 .V7  |h Library of Congress classification  |i unmediated -- volume  |k v.47  |l 2002:Oct./Dec.  |m A14829876085  |p serial  |s Evans mtxt film  |t 0 
952 f f |a Texas A&M University  |b College Station  |c Sterling C. Evans Library  |d Evans: Microforms Film (3rd floor)  |e AP2 .V7  |h Library of Congress classification  |i unmediated -- volume  |k v.30  |l 1985:Oct./Dec.  |m A14830321865  |p serial  |s Evans mtxt film  |t 0 
952 f f |a Texas A&M University  |b College Station  |c Sterling C. Evans Library  |d Evans: Microforms Film (3rd floor)  |e AP2 .V7  |h Library of Congress classification  |i unmediated -- volume  |k v.46  |l 2001:Oct./2002:Jan.  |m A14828617284  |p serial  |s Evans mtxt film  |t 0 
952 f f |a Texas A&M University  |b College Station  |c Sterling C. Evans Library  |d Evans: Microforms Film (3rd floor)  |e AP2 .V7  |h Library of Congress classification  |i unmediated -- volume  |k v.31  |l 1986:Jan./May  |m A14830321904  |p serial  |s Evans mtxt film  |t 0 
952 f f |a Texas A&M University  |b College Station  |c Sterling C. Evans Library  |d Evans: Microforms Film (3rd floor)  |e AP2 .V7  |h Library of Congress classification  |i unmediated -- volume  |k v.48  |l 2003/2004:Oct./Jan.6  |m A14831840121  |p serial  |s Evans mtxt film  |t 0 
952 f f |a Texas A&M University  |b College Station  |c Sterling C. Evans Library  |d Evans: Microforms Film (3rd floor)  |e AP2 .V7  |h Library of Congress classification  |i unmediated -- volume  |k v.41  |l 1996:Apr./June  |m A14830322641  |p serial  |s Evans mtxt film  |t 0 
952 f f |a Texas A&M University  |b College Station  |c Sterling C. Evans Library  |d Evans: Microforms Film (3rd floor)  |e AP2 .V7  |h Library of Congress classification  |i unmediated -- volume  |k Reel 14  |l 1979:Jan./June  |m A14829891051  |p serial  |s Evans mtxt film  |t 0 
952 f f |a Texas A&M University  |b College Station  |c Sterling C. Evans Library  |d Evans: Microforms Film (3rd floor)  |e AP2 .V7  |h Library of Congress classification  |i unmediated -- volume  |k v.32  |l 1987:July/Sept.  |m A14830322104  |p serial  |s Evans mtxt film  |t 0 
952 f f |a Texas A&M University  |b College Station  |c Sterling C. Evans Library  |d Evans: Microforms Film (3rd floor)  |e AP2 .V7  |h Library of Congress classification  |i unmediated -- volume  |k v.43  |l 1998/1999:Oct./Jan.5  |m A14824186142  |p serial  |s Evans mtxt film  |t 0 
952 f f |a Texas A&M University  |b College Station  |c Sterling C. Evans Library  |d Evans: Microforms Film (3rd floor)  |e AP2 .V7  |h Library of Congress classification  |i unmediated -- volume  |k v.45  |l 2000:July/Sept.  |m A14827199623  |p serial  |s Evans mtxt film  |t 0 
952 f f |a Texas A&M University  |b College Station  |c Sterling C. Evans Library  |d Evans: Microforms Film (3rd floor)  |e AP2 .V7  |h Library of Congress classification  |i unmediated -- volume  |k v.38  |l 1993:Apr./June  |m A14830322201  |p serial  |s Evans mtxt film  |t 0 
952 f f |a Texas A&M University  |b College Station  |c Sterling C. Evans Library  |d Evans: Microforms Film (3rd floor)  |e AP2 .V7  |h Library of Congress classification  |i unmediated -- volume  |k v.40  |l 1995:Oct./Dec.  |m A14830322560  |p serial  |s Evans mtxt film  |t 0 
952 f f |a Texas A&M University  |b College Station  |c Sterling C. Evans Library  |d Evans: Microforms Film (3rd floor)  |e AP2 .V7  |h Library of Congress classification  |i unmediated -- volume  |k v.48  |l 2003:Jan./Apr.1  |m A14831840008  |p serial  |s Evans mtxt film  |t 0 
952 f f |a Texas A&M University  |b College Station  |c Sterling C. Evans Library  |d Evans: Microforms Film (3rd floor)  |e AP2 .V7  |h Library of Congress classification  |i unmediated -- volume  |k v.21  |l 1976:May/Aug.  |m A14829891247  |p serial  |s Evans mtxt film  |t 0 
952 f f |a Texas A&M University  |b College Station  |c Sterling C. Evans Library  |d Evans: Microforms Film (3rd floor)  |e AP2 .V7  |h Library of Congress classification  |i unmediated -- volume  |k v.43  |l 1998:Apr./June  |m A14823883563  |p serial  |s Evans mtxt film  |t 0 
952 f f |a Texas A&M University  |b College Station  |c Sterling C. Evans Library  |d Evans: Microforms Film (3rd floor)  |e AP2 .V7  |h Library of Congress classification  |i unmediated -- volume  |k v.35  |l 1990:July/Sept.  |m A14830321873  |p serial  |s Evans mtxt film  |t 0 
952 f f |a Texas A&M University  |b College Station  |c Sterling C. Evans Library  |d Evans: Microforms Film (3rd floor)  |e AP2 .V7  |h Library of Congress classification  |i unmediated -- volume  |k v.44  |l 1999:Apr./June  |m A14825955154  |p serial  |s Evans mtxt film  |t 0 
952 f f |a Texas A&M University  |b College Station  |c Sterling C. Evans Library  |d Evans: Microforms Film (3rd floor)  |e AP2 .V7  |h Library of Congress classification  |i unmediated -- volume  |k v.32  |l 1987:Oct./Dec.  |m A14830322146  |p serial  |s Evans mtxt film  |t 0 
952 f f |a Texas A&M University  |b College Station  |c Sterling C. Evans Library  |d Evans: Microforms Film (3rd floor)  |e AP2 .V7  |h Library of Congress classification  |i unmediated -- volume  |k v.21  |l 1976:Jan./Feb.  |m A14829891166  |p serial  |s Evans mtxt film  |t 0 
952 f f |a Texas A&M University  |b College Station  |c Sterling C. Evans Library  |d Evans: Microforms Film (3rd floor)  |e AP2 .V7  |h Library of Congress classification  |i unmediated -- volume  |k v.38  |l 1993:Oct./Dec.  |m A14830322285  |p serial  |s Evans mtxt film  |t 0 
952 f f |a Texas A&M University  |b College Station  |c Sterling C. Evans Library  |d Evans: Microforms Film (3rd floor)  |e AP2 .V7  |h Library of Congress classification  |i unmediated -- volume  |k v.45  |l 2000:Jan./Mar.  |m A14827197451  |p serial  |s Evans mtxt film  |t 0 
952 f f |p noncirc  |a Texas A&M University  |b College Station  |c Cushing Memorial Library & Archives  |s cush wgs  |d Cushing: Women & Gender Studies (Does not check out)  |t 0  |e AP2 .V7  |h Library of Congress classification  |i unmediated -- volume 
952 f f |a Texas A&M University  |b College Station  |c Sterling C. Evans Library  |d Evans: Microforms Film (3rd floor)  |e AP2 .V7  |h Library of Congress classification  |i unmediated -- volume  |k v.42  |l 1997:Jan./Mar.  |m A14830322764  |p serial  |s Evans mtxt film  |t 0 
952 f f |a Texas A&M University  |b College Station  |c Sterling C. Evans Library  |d Evans: Microforms Film (3rd floor)  |e AP2 .V7  |h Library of Congress classification  |i unmediated -- volume  |k v.21  |l 1976:Mar./May  |m A14829891205  |p serial  |s Evans mtxt film  |t 0 
952 f f |a Texas A&M University  |b College Station  |c Sterling C. Evans Library  |d Evans: Microforms Film (3rd floor)  |e AP2 .V7  |h Library of Congress classification  |i unmediated -- volume  |k v.42  |l 1997:July/Sept.  |m A14830322219  |p serial  |s Evans mtxt film  |t 0 
952 f f |a Texas A&M University  |b College Station  |c Sterling C. Evans Library  |d Evans: Microforms Film (3rd floor)  |e AP2 .V7  |h Library of Congress classification  |i unmediated -- volume  |k v.44  |l 1999:Jan.12/Mar.  |m A14825955683  |p serial  |s Evans mtxt film  |t 0 
952 f f |a Texas A&M University  |b College Station  |c Sterling C. Evans Library  |d Evans: Microforms Film (3rd floor)  |e AP2 .V7  |h Library of Congress classification  |i unmediated -- volume  |k v.35  |l 1990:Jan./Mar.  |m A14830321792  |p serial  |s Evans mtxt film  |t 0 
952 f f |a Texas A&M University  |b College Station  |c Sterling C. Evans Library  |d Evans: Microforms Film (3rd floor)  |e AP2 .V7  |h Library of Congress classification  |i unmediated -- volume  |k v.23  |l 1978:Apr./June  |m A14829890932  |p serial  |s Evans mtxt film  |t 0 
952 f f |a Texas A&M University  |b College Station  |c Sterling C. Evans Library  |d Evans: Microforms Film (3rd floor)  |e AP2 .V7  |h Library of Congress classification  |i unmediated -- volume  |k v.38  |l 1993:Jan./Mar.  |m A14830322162  |p serial  |s Evans mtxt film  |t 0 
952 f f |a Texas A&M University  |b College Station  |c Sterling C. Evans Library  |d Evans: Microforms Film (3rd floor)  |e AP2 .V7  |h Library of Congress classification  |i unmediated -- volume  |k v.22  |l 1977:Jan./Mar.  |m A14829891360  |p serial  |s Evans mtxt film  |t 0 
952 f f |a Texas A&M University  |b College Station  |c Sterling C. Evans Library  |d Evans: Microforms Film (3rd floor)  |e AP2 .V7  |h Library of Congress classification  |i unmediated -- volume  |k v.30  |l 1985:June/Sept.  |m A14830321823  |p serial  |s Evans mtxt film  |t 0 
952 f f |a Texas A&M University  |b College Station  |c Sterling C. Evans Library  |d Evans: Microforms Film (3rd floor)  |e AP2 .V7  |h Library of Congress classification  |i unmediated -- volume  |k v.37  |l 1992:Jan./Mar.  |m A14830322031  |p serial  |s Evans mtxt film  |t 0 
952 f f |a Texas A&M University  |b College Station  |c Sterling C. Evans Library  |d Evans: Microforms Film (3rd floor)  |e AP2 .V7  |h Library of Congress classification  |i unmediated -- volume  |k v.52:no.27/52  |l 2007:July 4/2008:Jan.1  |m A14837241317  |p serial  |s Evans mtxt film  |t 0 
952 f f |a Texas A&M University  |b College Station  |c Sterling C. Evans Library  |d Evans: Microforms Film (3rd floor)  |e AP2 .V7  |h Library of Congress classification  |i unmediated -- volume  |k v.34  |l 1989:Apr./June  |m A14833733930  |p serial  |s Evans mtxt film  |t 0 
952 f f |a Texas A&M University  |b College Station  |c Sterling C. Evans Library  |d Evans: Microforms Film (3rd floor)  |e AP2 .V7  |h Library of Congress classification  |i unmediated -- volume  |k v.35  |l 1990:Apr./June  |m A14830321831  |p serial  |s Evans mtxt film  |t 0 
952 f f |a Texas A&M University  |b College Station  |c Sterling C. Evans Library  |d Evans: Microforms Film (3rd floor)  |e AP2 .V7  |h Library of Congress classification  |i unmediated -- volume  |k v.51  |l 2006:Jan.4/July 4  |m A14833985846  |p serial  |s Evans mtxt film  |t 0 
952 f f |a Texas A&M University  |b College Station  |c Sterling C. Evans Library  |d Evans: Microforms Film (3rd floor)  |e AP2 .V7  |h Library of Congress classification  |i unmediated -- volume  |k v.26  |l 1981:July/Dec.  |m A14829891255  |p serial  |s Evans mtxt film  |t 0 
952 f f |a Texas A&M University  |b College Station  |c Sterling C. Evans Library  |d Evans: Microforms Film (3rd floor)  |e AP2 .V7  |h Library of Congress classification  |i unmediated -- volume  |k v.46  |l 2001:Apr./June  |m A14828181827  |p serial  |s Evans mtxt film  |t 0 
952 f f |a Texas A&M University  |b College Station  |c Sterling C. Evans Library  |d Evans: Microforms Film (3rd floor)  |e AP2 .V7  |h Library of Congress classification  |i unmediated -- volume  |k v.40  |l 1995:Jan./Mar.  |m A14830322489  |p serial  |s Evans mtxt film  |t 0 
952 f f |a Texas A&M University  |b College Station  |c Sterling C. Evans Library  |d Evans: Microforms Film (3rd floor)  |e AP2 .V7  |h Library of Congress classification  |i unmediated -- volume  |k v.28  |l 1983:Jan./June  |m A14830321661  |p serial  |s Evans mtxt film  |t 0 
952 f f |a Texas A&M University  |b College Station  |c Sterling C. Evans Library  |d Evans: Microforms Film (3rd floor)  |e AP2 .V7  |h Library of Congress classification  |i unmediated -- volume  |k v.39  |l 1994:Jan./Mar.  |m A14830322324  |p serial  |s Evans mtxt film  |t 0 
952 f f |a Texas A&M University  |b College Station  |c Sterling C. Evans Library  |d Evans: Microforms Film (3rd floor)  |e AP2 .V7  |h Library of Congress classification  |i unmediated -- volume  |k v.34  |l 1989:July/Sept.  |m A14830321718  |p serial  |s Evans mtxt film  |t 0 
952 f f |a Texas A&M University  |b College Station  |c Sterling C. Evans Library  |d Evans: Microforms Film (3rd floor)  |e AP2 .V7  |h Library of Congress classification  |i unmediated -- volume  |k v.39  |l 1994:July/Sept.  |m A14830322405  |p serial  |s Evans mtxt film  |t 0 
952 f f |a Texas A&M University  |b College Station  |c Sterling C. Evans Library  |d Evans: Microforms Film (3rd floor)  |e AP2 .V7  |h Library of Congress classification  |i unmediated -- volume  |k Reel 16  |l 1980:Jan./July  |m A14829891132  |p serial  |s Evans mtxt film  |t 0 
952 f f |a Texas A&M University  |b College Station  |c Sterling C. Evans Library  |d Evans: Microforms Film (3rd floor)  |e AP2 .V7  |h Library of Congress classification  |i unmediated -- volume  |k v.23  |l 1978:Jan./Mar.  |m A14829890893  |p serial  |s Evans mtxt film  |t 0 
952 f f |a Texas A&M University  |b College Station  |c Sterling C. Evans Library  |d Evans: Microforms Film (3rd floor)  |e AP2 .V7  |h Library of Congress classification  |i unmediated -- volume  |k v.37  |l 1992:July/Sept.  |m A14830322073  |p serial  |s Evans mtxt film  |t 0 
952 f f |a Texas A&M University  |b College Station  |c Sterling C. Evans Library  |d Evans: Microforms Film (3rd floor)  |e AP2 .V7  |h Library of Congress classification  |i unmediated -- volume  |k v.34  |l 1989:Jan./Mar.  |m A14833733891  |p serial  |s Evans mtxt film  |t 0 
952 f f |a Texas A&M University  |b College Station  |c Sterling C. Evans Library  |d Evans: Microforms Film (3rd floor)  |e AP2 .V7  |h Library of Congress classification  |i unmediated -- volume  |k v.22  |l 1977:Apr./June  |m A14829891409  |p serial  |s Evans mtxt film  |t 0 
952 f f |a Texas A&M University  |b College Station  |c Sterling C. Evans Library  |d Evans: Microforms Film (3rd floor)  |e AP2 .V7  |h Library of Congress classification  |i unmediated -- volume  |k v.21  |l 1976:Aug./Oct.  |m A14829891289  |p serial  |s Evans mtxt film  |t 0 
952 f f |a Texas A&M University  |b College Station  |c Sterling C. Evans Library  |d Evans: Microforms Film (3rd floor)  |e AP2 .V7  |h Library of Congress classification  |i unmediated -- volume  |k v.40  |l 1995:July/Sept.  |m A14825693312  |p serial  |s Evans mtxt film  |t 0 
952 f f |a Texas A&M University  |b College Station  |c Sterling C. Evans Library  |d Evans: Microforms Film (3rd floor)  |e AP2 .V7  |h Library of Congress classification  |i unmediated -- volume  |k v.27  |l 1982:July/Dec.  |m A14829891336  |p serial  |s Evans mtxt film  |t 0 
952 f f |a Texas A&M University  |b College Station  |c Sterling C. Evans Library  |d Evans: Microforms Film (3rd floor)  |e AP2 .V7  |h Library of Congress classification  |i unmediated -- volume  |k v.33  |l 1988:Apr./June  |m A14830321556  |p serial  |s Evans mtxt film  |t 0 
952 f f |a Texas A&M University  |b College Station  |c Sterling C. Evans Library  |d Evans: Microforms Film (3rd floor)  |e AP2 .V7  |h Library of Congress classification  |i unmediated -- volume  |k v.21  |l 1976:Nov./Dec.  |m A14829891328  |p serial  |s Evans mtxt film  |t 0 
952 f f |a Texas A&M University  |b College Station  |c Sterling C. Evans Library  |d Evans: Microforms Film (3rd floor)  |e AP2 .V7  |h Library of Congress classification  |i unmediated -- volume  |k v.39  |l 1994:Apr./June  |m A14830322366  |p serial  |s Evans mtxt film  |t 0 
952 f f |a Texas A&M University  |b College Station  |c Sterling C. Evans Library  |d Evans: Microforms Film (3rd floor)  |e AP2 .V7  |h Library of Congress classification  |i unmediated -- volume  |k v.32  |l 1987:Jan./Mar.  |m A14830322023  |p normal  |s Evans mtxt film  |t 0 
952 f f |a Texas A&M University  |b College Station  |c Sterling C. Evans Library  |d Evans: Microforms Film (3rd floor)  |e AP2 .V7  |h Library of Congress classification  |i unmediated -- volume  |k v.47  |l 2002:Jan./Mar.  |m A14828654731  |p serial  |s Evans mtxt film  |t 0 
952 f f |a Texas A&M University  |b College Station  |c Sterling C. Evans Library  |d Evans: Microforms Film (3rd floor)  |e AP2 .V7  |h Library of Congress classification  |i unmediated -- volume  |k v.33  |l 1988:July/Sept.  |m A14830321598  |p serial  |s Evans mtxt film  |t 0 
952 f f |a Texas A&M University  |b College Station  |c Sterling C. Evans Library  |d Evans: Microforms Film (3rd floor)  |e AP2 .V7  |h Library of Congress classification  |i unmediated -- volume  |k v.47  |l 2002:Apr./June  |m A14828654749  |p serial  |s Evans mtxt film  |t 0 
952 f f |a Texas A&M University  |b College Station  |c Sterling C. Evans Library  |d Evans: Microforms Film (3rd floor)  |e AP2 .V7  |h Library of Congress classification  |i unmediated -- volume  |k v.47  |l 2002:July/Sept.  |m A14829875835  |p serial  |s Evans mtxt film  |t 0 
952 f f |a Texas A&M University  |b College Station  |c Sterling C. Evans Library  |d Evans: Microforms Film (3rd floor)  |e AP2 .V7  |h Library of Congress classification  |i unmediated -- volume  |k v.29  |l 1984:Jan./June  |m A14830321742  |p serial  |s Evans mtxt film  |t 0 
952 f f |a Texas A&M University  |b College Station  |c Sterling C. Evans Library  |d Evans: Microforms Film (3rd floor)  |e AP2 .V7  |h Library of Congress classification  |i unmediated -- volume  |k v.33  |l 1988:Oct./Dec.  |m A14830321637  |p serial  |s Evans mtxt film  |t 0 
952 f f |a Texas A&M University  |b College Station  |c Sterling C. Evans Library  |s Evans stk  |d Evans: Library Stacks  |t 0  |e AP2 .V7  |h Library of Congress classification